| 000 | 00629nam a22002177a 4500 | ||
|---|---|---|---|
| 005 | 20220406140905.0 | ||
| 008 | 160427b xxu||||| |||| 00| 0 spa d | ||
| 020 | _a9789968464079 | ||
| 041 | _aspa | ||
| 082 |
_a972.860.2 _bB973b |
||
| 100 |
_aBozzoli V., María Eugenia _98840 |
||
| 245 | _a12 de octubre, Día de las Culturas: Costa Rica, una sociedad pluricultural | ||
| 260 |
_aCosta Rica _bEUCR _c1996 |
||
| 300 | _a66 páginas | ||
| 650 |
_aCOSTA RICA _963115 |
||
| 650 |
_aHISTORIA _943 |
||
| 650 |
_aDÍA DE LAS CULTURAS _98842 |
||
| 650 |
_aETNOLOGÍA _98843 |
||
| 650 |
_aRELACIONES RACIALES _98844 |
||
| 942 | _cBK | ||
| 999 |
_c13336 _d13336 |
||